[Event "SE-2014-0-00169"]
[Site "LSS email"]
[Date "2014.06.22"]
[Round "?"]
[White "Fiser, Otakar"]
[Black "Pereira, Antonio"]
[Result "1-0"]
[WhiteElo "1496"]
[BlackElo "1343"]
[PlyCount "37"]
[EventDate "2014.05.03"]
[EventType "tourn (corr)"]
[EventRounds "6"]
[EventCountry "GER"]
[SourceTitle "Corr 2022"]
[Source "ChessBase"]
[SourceDate "2021.10.24"]
[SourceVersion "1"]
[SourceVersionDate "2021.10.24"]
[SourceQuality "1"]

1. d4 Nf6 2. c4 e6 3. Nf3 Be7 4. Nc3 d5 5. Bg5 h6 6. Bh4 0-0 7. e3 b6 8. cxd5 Nxd5 9. Bxe7 Qxe7 10. Bd3 Bd7 11. Rc1 Bc6 12. 0-0 Bb7 13. Nxd5 Bxd5 14. Ne5 Rc8 15. Re1 c5 16. e4 Bb7 17. dxc5 Rxc5 18. b4 Rxc1 19. Qxc1 1-0

[Event "SE-2014-0-00169"]
[Site "LSS email"]
[Date "2014.06.22"]
[Round "?"]
[White "Pereira, Antonio"]
[Black "Caviglia, Maximiliano"]
[Result "0-1"]
[WhiteElo "1343"]
[BlackElo "1171"]
[PlyCount "34"]
[EventDate "2014.05.03"]
[EventType "tourn (corr)"]
[EventRounds "6"]
[EventCountry "GER"]
[SourceTitle "Corr 2022"]
[Source "ChessBase"]
[SourceDate "2021.10.24"]
[SourceVersion "1"]
[SourceVersionDate "2021.10.24"]
[SourceQuality "1"]

1. d4 Nf6 2. Nc3 d5 3. Bf4 c6 4. e3 Bf5 5. Bd3 e6 6. a3 Bd6 7. Bxf5 exf5 8. Qf3 Bxf4 9. Qxf4 Qd7 10. Nge2 0-0 11. 0-0-0 Qe6 12. h3 Ne4 13. g4 fxg4 14. hxg4 Nxc3 15. Nxc3 Nd7 16. g5 f6 17. Qh4 h6 0-1

[Event "BI-2014-P-0000"]
[Site "LSS email"]
[Date "2014.04.19"]
[Round "?"]
[White "Gyongyosi, Peter Laszlo"]
[Black "Pereira, Antonio"]
[Result "0-1"]
[WhiteElo "878"]
[BlackElo "1343"]
[PlyCount "60"]
[EventDate "2014.04.25"]
[EventType "tourn (corr)"]
[EventRounds "10"]
[EventCountry "GER"]
[SourceTitle "Corr 2022"]
[Source "ChessBase"]
[SourceDate "2021.10.24"]
[SourceVersion "1"]
[SourceVersionDate "2021.10.24"]
[SourceQuality "1"]

1. e4 e5 2. Nf3 Nc6 3. Bb5 Nf6 4. d3 Bc5 5. 0-0 d6 6. Bxc6+ bxc6 7. Bg5 h6 8. Bxf6 Qxf6 9. Nbd2 0-0 10. Nb3 Bb6 11. c4 Rb8 12. Nbd2 a5 13. Qa4 Bd7 14. Qc2 Ra8 15. a3 a4 16. b4 axb3 17. Qxb3 g5 18. h3 h5 19. Nh2 g4 20. hxg4 hxg4 21. Qd1 Qh4 22. g3 Qxg3+ 23. Kh1 Bxf2 24. Qe2 Bd4 25. Rf6 Bxa1 26. Ndf1 Qh4 27. Rf2 Rxa3 28. Rg2 Bd4 29. Qd1 Rb8 30. Qe2 Rb1 0-1

[Event "IECC CL0-2014.00 email"]
[Site "IECC email"]
[Date "2014.02.21"]
[Round "?"]
[White "Pereira, Antonio"]
[Black "Lenz, Juergen"]
[Result "1-0"]
[WhiteElo "1248"]
[BlackElo "1028"]
[PlyCount "51"]
[EventDate "2014.01.22"]
[EventType "tourn (corr)"]
[EventRounds "4"]
[SourceTitle "Corr 2022"]
[Source "ChessBase"]
[SourceDate "2021.10.24"]
[SourceVersion "1"]
[SourceVersionDate "2021.10.24"]
[SourceQuality "1"]

1. e4 Nf6 2. e5 Nd5 3. d4 d6 4. c4 Nb6 5. Nf3 g6 6. Nc3 Bg7 7. Be3 0-0 8. c5 dxc5 9. dxc5 N6d7 10. e6 fxe6 11. Qb3 Nf6 12. Rd1 Qe8 13. Bc4 Nc6 14. Ng5 Ne5 15. Bxe6+ Kh8 16. 0-0 h6 17. Bxc8 Qxc8 18. Ne6 Re8 19. Nb5 c6 20. Nbc7 Rg8 21. Bd4 Nf7 22. Nxa8 Qxa8 23. Rfe1 Qc8 24. Nxg7 Kxg7 25. Rxe7 Re8 26. Qxf7+ 1-0

[Event "IECC CL0-2014.00 email"]
[Site "IECC email"]
[Date "2014.02.20"]
[Round "?"]
[White "Jostov, Keylah"]
[Black "Pereira, Antonio"]
[Result "0-1"]
[WhiteElo "1215"]
[BlackElo "1248"]
[PlyCount "50"]
[EventDate "2014.01.22"]
[EventType "tourn (corr)"]
[EventRounds "4"]
[SourceTitle "Corr 2022"]
[Source "ChessBase"]
[SourceDate "2021.10.24"]
[SourceVersion "1"]
[SourceVersionDate "2021.10.24"]
[SourceQuality "1"]

1. e4 e5 2. Bc4 Nf6 3. d3 Bc5 4. Nc3 0-0 5. f4 d5 6. Nxd5 Be6 7. Nxf6+ Qxf6 8. Bxe6 fxe6 9. Nf3 exf4 10. e5 Qg6 11. Qe2 Nc6 12. c3 Ne7 13. d4 Bb6 14. 0-0 c5 15. Kh1 cxd4 16. Nxd4 Bxd4 17. cxd4 Nd5 18. b3 Rac8 19. Ba3 Rc2 20. Qf3 Rfc8 21. Rg1 R8c3 22. Qf1 f3 23. gxf3 Qh5 24. Rg2 Ne3 25. Rf2 Nxf1 0-1

[Event "IECC CL0-2014.00 email"]
[Site "IECC email"]
[Date "2014.02.20"]
[Round "?"]
[White "Miquel Badenes, Jose"]
[Black "Pereira, Antonio"]
[Result "0-1"]
[WhiteElo "1212"]
[BlackElo "1248"]
[PlyCount "92"]
[EventDate "2014.01.22"]
[EventType "tourn (corr)"]
[EventRounds "4"]
[SourceTitle "Corr 2022"]
[Source "ChessBase"]
[SourceDate "2021.10.24"]
[SourceVersion "1"]
[SourceVersionDate "2021.10.24"]
[SourceQuality "1"]

1. d4 d5 2. Nf3 Bf5 3. e3 e6 4. c4 Nf6 5. Nc3 Nc6 6. Bd3 Bxd3 7. Qxd3 Bb4 8. Bd2 Bxc3 9. Bxc3 dxc4 10. Qxc4 Qd5 11. Qxd5 Nxd5 12. 0-0 f6 13. a3 Kf7 14. Rac1 a5 15. g3 Rad8 16. Rfd1 Rd7 17. Kg2 Rhd8 18. Nd2 e5 19. Nf3 a4 20. Rd2 Nxc3 21. Rxc3 g5 22. g4 exd4 23. Rcd3 Ne5 24. Rxd4 Rxd4 25. Rxd4 Rxd4 26. Nxd4 Ke7 27. Nb5 c6 28. Nc3 b5 29. h3 Nd3 30. Nd1 b4 31. axb4 Nxb2 32. Nc3 Kd6 33. Kf3 c5 34. b5 a3 35. Ke4 Nd1 36. Na2 Nxf2+ 37. Kf5 Nd3 38. Kxf6 Nb4 39. Nc1 a2 40. Nxa2 Nxa2 41. e4 c4 42. e5+ Kc5 43. e6 Nb4 44. b6 Kxb6 45. Ke5 c3 46. Ke4 c2 0-1

[Event "IECC CL0-2014.00 email"]
[Site "IECC email"]
[Date "2014.02.20"]
[Round "?"]
[White "Pereira, Antonio"]
[Black "Slavin, Pablo"]
[Result "1-0"]
[WhiteElo "1248"]
[BlackElo "1214"]
[PlyCount "33"]
[EventDate "2014.01.22"]
[EventType "tourn (corr)"]
[EventRounds "4"]
[SourceTitle "Corr 2022"]
[Source "ChessBase"]
[SourceDate "2021.10.24"]
[SourceVersion "1"]
[SourceVersionDate "2021.10.24"]
[SourceQuality "1"]

1. e4 c5 2. Nf3 d6 3. Bb5+ Bd7 4. Bxd7+ Qxd7 5. d4 cxd4 6. Qxd4 Nc6 7. Qd3 g6 8. Nc3 Bg7 9. h3 a6 10. 0-0 Nf6 11. Rd1 Qc7 12. Bg5 0-0 13. Bxf6 exf6 14. Qxd6 Qxd6 15. Rxd6 Nb4 16. Rb6 Nxc2 17. Rc1 1-0

[Event "SF-2013-0-00218"]
[Site "LSS email"]
[Date "2013.12.28"]
[Round "?"]
[White "Pereira, Antonio"]
[Black "Goreczny, Grzegorz"]
[Result "1/2-1/2"]
[WhiteElo "1203"]
[BlackElo "1607"]
[PlyCount "70"]
[EventDate "2013.11.19"]
[EventType "tourn (corr)"]
[EventRounds "6"]
[EventCountry "GER"]
[SourceTitle "Telechess CBM 167"]
[Source "ChessBase"]
[SourceDate "2015.07.13"]
[SourceVersion "1"]
[SourceVersionDate "2015.07.13"]
[SourceQuality "1"]

1. e4 e5 2. Nf3 Nc6 3. Nc3 Nf6 4. Bb5 Bb4 5. 0-0 0-0 6. Re1 d6 7. Nd5 Nxd5 8. exd5 Ne7 9. c3 Bc5 10. d4 exd4 11. Bg5 f6 12. cxd4 Bb6 13. Bd2 Bg4 14. h3 Bxf3 15. Qxf3 Bxd4 16. Qd3 Bc5 17. Re6 Ng6 18. Qf5 Ne5 19. Ba4 a5 20. Bc3 Rb8 21. Bc2 g6 22. Qf4 b5 23. Bxa5 b4 24. a3 b3 25. Bb1 Qd7 26. Bc3 Rbe8 27. Qg3 Rxe6 28. Bf5 Qa4 29. Bxe6+ Kg7 30. Kh2 Qa7 31. Rf1 Qa6 32. Re1 Qb6 33. Kg1 Qb5 34. Bg4 Bb6 35. Bd1 Qxd5 1/2-1/2

[Event "OP-2013-0-03204"]
[Site "LSS email"]
[Date "2013.12.28"]
[Round "?"]
[White "Pereira, Antonio"]
[Black "Rocek, Vladimir"]
[Result "1-0"]
[WhiteElo "1297"]
[BlackElo "1724"]
[PlyCount "25"]
[EventDate "2013.12.26"]
[EventType "tourn (corr)"]
[EventRounds "4"]
[EventCountry "GER"]
[SourceTitle "Corr 2022"]
[Source "ChessBase"]
[SourceDate "2021.10.24"]
[SourceVersion "1"]
[SourceVersionDate "2021.10.24"]
[SourceQuality "1"]

1. e4 e6 2. d4 d5 3. Nc3 Nf6 4. Bg5 Be7 5. e5 Nfd7 6. h4 a6 7. Qg4 0-0 8. Bh6 g6 9. h5 Re8 10. hxg6 hxg6 11. Bd3 Nf8 12. Qh3 f5 13. Bxf8 1-0

[Event "SF-2012-0-00154"]
[Site "LSS email"]
[Date "2012.07.02"]
[Round "?"]
[White "Pereira, Antonio"]
[Black "Lonyuk, Bohdan"]
[Result "0-1"]
[WhiteElo "1081"]
[BlackElo "1184"]
[PlyCount "56"]
[EventDate "2012.06.07"]
[EventType "tourn (corr)"]
[EventRounds "6"]
[EventCountry "GER"]
[SourceTitle "Telechess CBM 165"]
[Source "ChessBase"]
[SourceDate "2015.03.11"]
[SourceVersion "1"]
[SourceVersionDate "2015.03.11"]
[SourceQuality "1"]

1. d4 Nf6 2. Nf3 d6 3. Nc3 Bg4 4. h3 Bxf3 5. exf3 Nbd7 6. Bd3 e6 7. 0-0 c6 8. a4 a5 9. Bf4 d5 10. b3 Be7 11. Ne2 0-0 12. Qd2 Re8 13. Rab1 Bf8 14. Qc3 c5 15. Bd2 c4 16. bxc4 Bb4 17. Rxb4 axb4 18. Qxb4 Qb6 19. Rb1 dxc4 20. Bxc4 Qxb4 21. Rxb4 Rec8 22. Bb3 b6 23. Nc3 h6 24. Ne4 Nd5 25. Rb5 Nc7 26. Rh5 Nb8 27. c3 Nc6 28. Nd6 Rd8 0-1

[Event "SF-2012-0-00154"]
[Site "LSS email"]
[Date "2012.07.02"]
[Round "?"]
[White "Raines, David T"]
[Black "Pereira, Antonio"]
[Result "1-0"]
[WhiteElo "1093"]
[BlackElo "1081"]
[PlyCount "45"]
[EventDate "2012.06.07"]
[EventType "tourn (corr)"]
[EventRounds "6"]
[EventCountry "GER"]
[SourceTitle "Telechess CBM 165"]
[Source "ChessBase"]
[SourceDate "2015.03.11"]
[SourceVersion "1"]
[SourceVersionDate "2015.03.11"]
[SourceQuality "1"]

1. Nf3 Nf6 2. c4 a5 3. d4 Na6 4. g3 g6 5. Bg2 Bg7 6. 0-0 c5 7. d5 0-0 8. Nc3 d6 9. Bf4 Bd7 10. Re1 Qb6 11. Qd2 Qb4 12. Qd3 a4 13. Rab1 Qb6 14. e4 Nb4 15. Qe2 a3 16. e5 dxe5 17. Nxe5 Bf5 18. Ne4 Nh5 19. h3 Nxf4 20. gxf4 f6 21. Nd3 Bxe4 22. Bxe4 f5 23. Bg2 1-0